000 00408pab a2200169 454500
008 180718b1999 xxu||||| |||| 00| 0 eng d
100 _aSharma, Sushil
245 _aInsure to ensure health for all
260 _c1999
300 _ap.14
362 _a15 Apr
650 _aHealth services - India
650 _aSocial security
650 _aHealth services
773 _aTimes of India
909 _a42056
999 _c42056
_d42056